Datum a čas kvízu

32.5 Celkem bodů Celkový počet nahraných bodů na tomto kvízu bez doplňovacích otázek.
1. Pořadí na kvízu Konečné umístění týmu na tomto kvízu.

Zaznamenané odpovědi

# Otázka Odpověď Body Výsledky
1. Česká diplomacie zaznamenala m... Jiří Šedivý 0
2. Obyvatelé části severoitalské... Lambrusco 1
3. Na letošní festival Febiofest... Woody Harrelson 1
4. V úterý byl vyhlášen Podnikate... Oliver Dlouhý 1
5. Naše reprezentantka Markéta Da... Denise Herrmannová 1
6. V následujících pěti otázkách... krokodýl 0
7. Desomorfin je syntetický opioi... v Rusku 1
8. Značka Crocs je známá předevší... v USA 0
9. Krokodýl Dundee je australská... Paul Hogan, Mike 1
10. Jak si říká muž, který v roce... Elton John 0